Biggest Cities in Central Asia - Statistics

General Stats
  • This quiz has been taken 1,778 times
    754 since last reset
  • The average score is 10 of 25
Answer Stats
Population Country City % Correct
1,409,497 Kazakhstan Astana
99%
3,040,800 Uzbekistan Tashkent
97%
2,211,198 Kazakhstan Almaty
93%
1,145,044 Kyrgyzstan Bishkek
90%
1,030,063 Turkmenistan Ashgabat
87%
863,400 Tajikistan Dushanbe
86%
587,800 Uzbekistan Samarkand
65%
361,273 Kyrgyzstan Osh
38%
281,200 Uzbekistan Bukhara
35%
1,213,211 Kazakhstan Shymkent
34%
560,820 Kazakhstan Aktobe
24%
519,835 Kazakhstan Karaganda
22%
253,000 Turkmenistan Türkmenabat
21%
323,800 Uzbekistan Nukus
20%
322,274 Kazakhstan Atyrau
18%
367,254 Kazakhstan Pavlodar
18%
696,500 Uzbekistan Namangan
16%
480,800 Uzbekistan Andijan
13%
328,782 Kazakhstan Semey
13%
254,380 Kazakhstan Oral
12%
400,142 Kazakhstan Oskemen
12%
427,394 Kazakhstan Taraz
12%
256,400 Uzbekistan Kokand
11%
264,466 Kazakhstan Kostanay
10%
278,300 Uzbekistan Qarshi
9%
No matching quizzes found
Score Distribution
Percent of People with Each Score
Percentile by Number Answered
Your Score History
You have not taken this quiz since the last reset